| 000 | 00541nam a2200169 i 4500 | ||
|---|---|---|---|
| 001 | 32415 | ||
| 003 | ES-MaACL | ||
| 005 | 20230906154553.0 | ||
| 007 | t| | ||
| 008 | 030131s1954 sp ||||1| spa d | ||
| 100 | 1 |
_aBenito Ruano, Eloy. _927689 |
|
| 245 | 1 | 3 |
_aEl concepto histórico de "decadencia" y su aplicación a la historia romana / _cEloy Benito Ruano. |
| 260 |
_aMadrid : _b[s.n., _c1954] ( _fJ. Pueyo) |
||
| 300 |
_a11 p. ; _c24 cm. |
||
| 500 | _aEs separata de: Rev. Arbor, n. 97, 1954. | ||
| 852 |
_aES-MaACL _j2006-F-10 _bR.41916 |
||
| 999 |
_c32415 _d32415 |
||